000 00509nam a2200181Ia 4500
005 20250508162336.0
008 008 250505s9999 xx 000 0 eng d
037 _aTextual
040 _aFEDL
_beng
_cFEDL
041 _aeng
_2eng
084 _a370.1, GIR
_qFEDL
100 _aGiroux Henry A
_9141269
245 0 _aIdeology culture and the process of schooling
260 _aLondon, UK
_bThe Falmer Press
_c1981
300 _a168p.
942 _cTEXL
_h370.1, GIR
999 _c1375947
_d1375947